Music Quiz

Random Music Quiz

Minnesota in Music Quiz Stats

 Plays Quiz not verified by Sporcle

Score 0/21 Timer 07:00
0 Plays Today
% Correct
Prince
93.7%
Bob Dylan
92.4%
The Andrews Sisters
43%
Morris Day
35.4%
Soul Asylum
35.4%
The Replacements
34.2%
Semisonic
26.6%
Babes in Toyland
22.8%
Hüsker Dü
21.5%
Eddie Cochran
21.5%
Atmosphere
17.7%
% Correct
Information Society
15.2%
Lipps, Inc.
12.7%
Owl City
12.7%
The Trashmen
12.7%
The Hold Steady
11.4%
Brother Ali
10.1%
Trampled by Turtles
7.6%
Mary MacGregor
6.7%
Tapes N Tapes
3.8%
Eyedea & Abilities
3.8%

You're not logged in!

Compare scores with friends on all Sporcle quizzes.
Join for Free
OR
Log In

You Might Also Like...

Show Comments

Extras

Created Feb 12, 2017ReportFavoriteNominate
Tags:minnesota, musician

Top Quizzes Today


Score Distribution

Your Account Isn't Verified!

In order to create a playlist on Sporcle, you need to verify the email address you used during registration. Go to your Sporcle Settings to finish the process.

Report this User

Report this user for behavior that violates our Community Guidelines.

Details: